000 01686cam a22003854a 4500
999 _c2414
_d2414
001 14141312
003 GZU
005 20201029115224.0
008 051014s2006 enk b 001 0 eng
010 _a 2005029995
015 _aGBA687071
_2bnb
016 7 _a013533356
_2Uk
020 _a0195089480 (cloth)
020 _a9780195341959
035 _a(OCoLC)ocm62134654
035 _a(OCoLC)62134654
040 _aDLC
_cDLC
_dBAKER
_dC#P
_dYDXCP
_dOCLCQ
_dUKM
_dDLC
042 _apcc
050 0 0 _aHV6252
_b.A63 2006
082 0 0 _a363.25/935
_222
100 1 _aAndreas, Peter,
_d1965-
245 1 0 _aPolicing the globe :
_bcriminalization and crime control in international relations /
_cPeter Andreas and Ethan Nadelmann.
260 _aOxford ;
_aNew York :
_bOxford University Press,
_c2006.
300 _axiii, 333 p. ;
_c25 cm.
504 _aIncludes bibliographical references (p. 255-318) and index.
650 0 _aTransnational crime
_xPrevention
_xInternational cooperation.
650 0 _aLaw enforcement
_xInternational cooperation.
700 1 _aNadelmann, Ethan Avram.
856 4 1 _3Table of contents only
_uhttp://www.loc.gov/catdir/toc/ecip062/2005029995.html
856 4 2 _3Publisher description
_uhttp://www.loc.gov/catdir/enhancements/fy0636/2005029995-d.html
856 4 2 _3Contributor biographical information
_uhttp://www.loc.gov/catdir/enhancements/fy0723/2005029995-b.html
906 _a7
_bcbc
_corignew
_d1
_eecip
_f20
_gy-gencatlg
942 _2lcc
_cBK
_h6252
_iAND
_kHV
_m2006